000 00464nam a22001697a 4500
003 BD-ChCU
005 20260330111307.0
008 260330b bg ||||| |||| 00| 0 ben d
040 _cBD-ChCU
082 _a510 THI
100 _aThies , Matthias A.
_920921
245 _aIndustrial mathematics ./
_cMatthias A. Thies
260 _aEnglewood cliffs :
_bPrentice - hall ,
_cC 1959
300 _aix , 342p.
650 0 _aMathematics.
_920922
942 _2ddc
_cBK
_n0
999 _c111928
_d111928